00557nam a22001697a 450000500170000001000150001702000240003203500130005603700130006908200110008224501040009326000370019727000610023430000310029550000400032670000210036620130827112928.0 aENG-108059 c3200.00a8187661739 aEN-91592 bDBAD/PUB a954.0200aRe-visiting early India : cedited by Suchandra Ghosh... [et al]bessays in honour of D.C. Sircar / aKolkatabR.N. Bhattacharyac2013 aA/ 217, H.B. Town, Road No - 4 SodepurbKolkata e700110 axi,266p. :c25cm(Hb)bill. aIncludes bibliographical references aGhosh, Suchandra